Yeux rouges - Statistiques

Statistiques générales
  • Ce quiz a été pris 26 fois
  • Le résultat moyen est 6 sur 20
Statistiques - réponses
Par images Réponse % Correct
Ryuk
91%
Death Note
68%
Kaguya
45%
Kaguya-Sama : Love is war
45%
Oshi No Ko
41%
Kana Arima
36%
Konosuba
32%
Megumin
27%
Stark
27%
Bocchi the rock
23%
Frieren
23%
Nijika
18%
Chisato
14%
Katawa Shoujo
14%
Lycoris Recoil
14%
Misha
14%
My deer friend Nokotan
9%
Neko Nekoyamada
9%
Fukkireta
5%
Kasane Teto
5%
Aucun quiz correspondant
Distribution des résultats
% des personnes avec chaque résultat
Percentile par nombre de réponses
Votre historique - résultats
Vous n’avez pas pris ce quiz